Statistics for Doctor Who A-Z

Click here to take the quiz!

General Stats

  • This quiz has been taken 912 times
  • The average score is 19 of 26

Answer Stats

Hint Answer % Correct
DExterminateDalek
98%
AThe girl who waitedAmy Pond
98%
BDon't _____Blink
97%
EChristopher ___ played the Ninth DoctorEccleston
94%
MThe Doctor's Time Lord foeThe Master
93%
OHold their brains in their handsOod
92%
Y"Allons-_"y
91%
FThey're coolFez
90%
G11th Doctor's catchphraseGeronimo
87%
SLongest-running companionSarah Jane Smith
82%
KA Doctor's best friendK-9
81%
TAlso known as 'Sexy'TARDIS
80%
CThe Fifth Doctor's favourite sportCricket
80%
HWilliam ____ was the first doctorHartnell
79%
WSonic Screwdriver-proofWood
78%
J"Would you like a _____"Jelly baby
72%
LTried to cheat aging, but his experiment went wrongProfessor Lazarus
72%
ZLumpy orange shapesiftersZygons
66%
QThe Seventh Doctor's umbrella handle was in the shape of a ___Question Mark
65%
RInstrument the Second Doctor playedRecorder
60%
UThe Doctor's desk job is at ____UNIT
58%
PThe ultimate prisonPandorica
57%
VThe rationale behind being afraid of the darkVashta Nerada
55%
NMicroscopic healers' "Are you my mummy?"Nanogenes
43%
IThe name of the Eleventh Doctor's themeI Am The Doctor
40%
XThe core of the supercomputer known as Mr Smith (from the Sarah Jane Adventures)Xylok
12%

Score Distribution

Percentile by Number Answered

Percent of People with Each Score

Your Score History

You have not taken this quiz